Statistics for Pairs #21

Click here to take the quiz!

General Stats

  • This quiz has been taken 53 times
    (41 since last reset)
  • The average score is 16 of 25

Answer Stats

HintAnswer% Correct
For all intentsPurposes
84%
TriedTested
84%
HorseBuggy
78%
AcesEights
78%
LoveHate
78%
WhoopingHollering
78%
SignsSymptoms
78%
BackFore
75%
StopGo
75%
ShowerShave
75%
SpicSpan
75%
HotSpicy
75%
TimeAgain
72%
TickFlick
72%
SmokeMirrors
72%
BornRaised
72%
HeartHand
69%
ThickFast
56%
HitherYon
56%
CutRun
53%
BreadRoses
50%
PissWhine
44%
SwordSandal
31%
SweetLow
28%
HomeHosed
19%

Score Distribution

Percentile by Number Answered

Percent of People with Each Score

Your Score History

You have not taken this quiz since the last reset